000 00670 a2200229 4500
999 _c11125
_d11125
020 _a9781133435167
050 _aHG 173
_bMAD2013
100 1 _aMadura, Jeff.
_eauthor
245 1 0 _aFinancial markets and institutions /
_cJeff Madura.
250 _aAbridged tenth edition
264 _aMason :
_b Cengage Learning,
_c2013
300 _a698 pages
336 _2rdacontent
_atext
_btxt
337 _2rdamedia
_aunmediated
_bn
338 _2rdacarrier
_avolume
_bnc
500 _aincludes index
650 _a Capital market
650 _aInstitutions financir̈es
650 _aFinancial institutions
942 _2lcc
_cBK
_h173
_iMAD
_kHG